| 000 | 00405nam a2200145Ia 4500 | ||
|---|---|---|---|
| 008 | 231129s2001||||xx |||||||||||||| ||spa|| | ||
| 020 | _a958-30-0818-4 | ||
| 040 | _bspa | ||
| 082 | _aE860.4 R173es | ||
| 100 | _aRamirez Gomez Liliana | ||
| 245 | 0 | _aEstudio literario de La Familia de Pascual Duarte | |
| 260 | _c2001 | ||
| 264 | _aPanamericana | ||
| 942 |
_2ddc _cBKS |
||
| 999 |
_c13640 _d13640 |
||